Về các chính sách đối với học sinh, sinh viên người dân tộc thiểu số /

Sparad:
Bibliografiska uppgifter
Huvudupphovsman: Vi Thái Lang, TS.
Materialtyp: Artikel
Språk:Vietnamese
Ämnen:
Taggar: Lägg till en tagg
Inga taggar, Lägg till första taggen!
Thư viện lưu trữ: Thư viện Trường Đại học Đà Lạt
LEADER 00806nam a2200265 4500
001 DLU090085447
005 ##20091203
040 # # |a DLU  |b vie 
041 # # |a vie 
044 # # |a vn 
100 # # |a Vi Thái Lang,   |c TS. 
245 # # |a Về các chính sách đối với học sinh, sinh viên người dân tộc thiểu số /  |c Vi Thái Lang. 
653 # # |a Chính sách dân tộc 
653 # # |a Dân tộc thiểu số 
653 # # |a Luật giáo dục 
773 # # |t Tạp chí giáo dục  |g Số 3(185), 2008, tr. 64--65 
920 # # |a Phòng Tạp chí -- Trung tâm Thông tin - Thư viện Trường Đại học Đà Lạt 
994 # # |a DLU 
900 # # |a True 
911 # # |a Nguyễn Thị Linh Chi 
925 # # |a G 
926 # # |a A 
927 # # |a BB 
980 # # |a Thư viện Trường Đại học Đà Lạt